Southeast European maritime commerce and naval policies from the Mid-eighteenth century to 1914 proceedings of the XVIIth conference on War and Siciety in East Central Europe, Thessaloniki, 6-8 June, 1985

Αποθηκεύτηκε σε:
Λεπτομέρειες βιβλιογραφικής εγγραφής
Άλλοι συγγραφείς: Βακαλόπουλος, Απόστολος Ε. (Επιμελητής έκδοσης), Kiraly, Bela K. (Επιμελητής έκδοσης), Σβολόπουλος, Κωνσταντίνος Δ. (Επιμελητής έκδοσης)
Μορφή: Βιβλίο
Γλώσσα:English
Δημοσίευση: Boulder, Colorado : Highland Lakes, New Jersey : Columbia University Press ; : Thessaloniki : Social Sciences Monographs ;, Atlantic Research and Publications ;, Institute for Balkan Studies, 1988
Σειρά:War and society in East Central Europe ; ; 23
East European monographs ; ; 266
Atlantic studies on society in change ; ; 42
Θέματα:
Ετικέτες: Προσθήκη ετικέτας
Δεν υπάρχουν, Καταχωρήστε ετικέτα πρώτοι!

MARC

LEADER 00000cam a2200000 i 4500
001 1/8669
008 000707s1988 eng d
020 |a 0-88033-163-1 
035 |l 10062767 
040 |a GR-MY-UA  |b gre  |e aacr 
041 0 |a eng 
082 0 |a 355.00947 
245 1 0 |a Southeast European maritime commerce and naval policies from the Mid-eighteenth century to 1914 /  |b proceedings of the XVIIth conference on War and Siciety in East Central Europe, Thessaloniki, 6-8 June, 1985  |c Apostolos E. Vacalopoulos, Constantinos D. Svolopoulos, Beta K. Kiraly editors : 
260 |a Boulder, Colorado :   |a Highland Lakes, New Jersey :   |a Columbia University Press ; :   |a Thessaloniki :   |b Social Sciences Monographs ;,   |b Atlantic Research and Publications ;,   |b Institute for Balkan Studies,   |c 1988 
300 |a 410 p. 
490 1 |a War and society in East Central Europe  |v ; 23 
490 1 |a East European monographs  |v ; 266 
490 1 |a Atlantic studies on society in change  |v ; 42 
650 0 0 |a Merchant marine  |z Balkan Peninsula  |x History. 
650 0 0 |a Merchant marine  |z Europe, Southern  |x History. 
650 0 0 |a Merchant marine  |z Europe, Eastern  |x History. 
651 0 |a Europe, Southern  |x History, Naval. 
651 0 |a Europe, Eastern  |x History, Naval. 
651 0 |a Balkan Peninsula  |x History, Naval. 
651 0 |a Balkan Peninsula  |x Commerce  |x History. 
651 0 |a Europe, Southern  |x Commerce  |x History. 
651 0 |a Europe, Eastern  |x Commerce  |x History. 
700 1 |a Βακαλόπουλος, Απόστολος Ε.  |4 edt 
700 1 |a Kiraly, Bela K.  |4 edt 
700 1 |4 edt  |a Σβολόπουλος, Κωνσταντίνος Δ. 
830 0 |a War and society in East Central Europe ;  |v ; 23 
830 0 |a East European monographs ;  |v ; 266 
830 0 |a Atlantic studies on society in change ;  |v ; 42 
852 |a INST  |b RHODES  |e 20000707  |h 355.00947 SOU  |p 005400000307  |q 005400000307  |t BK  |y 0 
852 |a INST  |b RHODES  |e 20040319  |h 355.00947 SOU  |p 005400019421  |q 005400019421  |t BK  |y 0 
909 |a Ρ  |b 022135 
909 |a Ρ  |b 109213 
970 |a ΚΟΥΛΑΚΙΟΤΗ  |b ΛΙΤΣΑ  |z 2000/07/07